LEADER 01188cam2 22003011 450 001 SOBE00040877 005 20140303102500.0 100 $a20140303d1949 |||||ita|0103 ba 101 $aeng$alat 102 $aUS 200 1 $a<<2: >>De inventione$gDe optimo genere oratorum$gTopica$fwith an English translation by H. M. Hubbell 210 $aCambridge, Mass.$cHarvard university press$aLondon$cHeinemann$d1949 215 $aXVIII, 466 p.$d17 cm 225 2 $aLoeb Classical Library$v386 300 $aTesto originale a fronte 410 1$1001LAEC00022597$12001 $aThe *Loeb Classical Library$v386 461 1$1001SOBE00021584$12001 $aCicero in twenty-eight volumes$v2 700 1$aCicero$b, Marcus Tullius$3AF00013435$4070$082411 702 1$aHubbell, H. M.$3SOBA00002423$4070 801 0$aIT$bUNISOB$c20140303$gRICA 850 $aUNISOB 852 $aUNISOB$jFondo|Cosenza$m161927 912 $aSOBE00040877 940 $aM 102 Monografia moderna SBN 941 $aM 957 $aFondo|Cosenza$b001109$i-2$fRistampa (1960)$gSI$d161927$hCosenza$rdono$tN$1menle$2UNISOB$3UNISOB$420140303102755.0$520150317165945.0$6menle 996 $aDe inventione$913095 997 $aUNISOB LEADER 01435nam0 22003131i 450 001 UON00249853 005 20231205103625.310 100 $a20040218d1934 |0itac50 ba 101 $afre 102 $aFR 105 $a||||0 ||||| 200 1 $aHistoire de la langue française$edes origines a 1900. 8: Le français hors de France au XVIIIe siècle. Pt. 1. Le français dans le diverss pays d'Europe$fFerdinand Brunot 210 $aParis$cLibrairie Armand Colin$d1934 215 $aXLVI, 768 p.$d25 cm 423 1$1001UON00372888$12001 $aˆLe ‰Français hors de France au XVIIIe siècle 423 1$1001UON00372889$12001 $aˆLe ‰Français dans les divers pays d'Europe 606 $aGRAMMATICA STORICA$3UONC042569$2FI 606 $aLINGUA FRANCESE STORIA SEC 18$3UONC053524$2FI 606 $aLINGUA FRANCESE GRAMMATICA STORICA$3UONC053588$2FI 620 $aFR$dParis$3UONL002984 676 $a440$cLingue romanze (Lingue neolatine) Francese$v21 700 1$aBRUNOT$bFerdinand$3UONV137382$0290036 712 $aLibrairie Armand Colin$3UONV254209$4650 801 $aIT$bSOL$c20240220$gRICA 899 $aSIBA - SISTEMA BIBLIOTECARIO DI ATENEO$2UONSI 912 $aUON00249853 950 $aSIBA - SISTEMA BIBLIOTECARIO DI ATENEO$dSI S.C I F 01 m $eSI PRV17368 6 01 m 996 $aHistoire de la langue française$9447104 997 $aUNIOR